| 000 | 00666nam a2200265Ia 4500 | ||
|---|---|---|---|
| 003 | OSt | ||
| 005 | 20221005115508.0 | ||
| 006 | a|||||r|||| 00| 0 | ||
| 007 | ta | ||
| 008 | 221004b |||||||| |||| 00| 0 chi d | ||
| 024 | _a51280 | ||
| 037 | _cTextual | ||
| 040 |
_aCRL _cCRL _bchi |
||
| 041 |
_2chi _achi |
||
| 082 | _aO41,3(R4)x, 31J7 | ||
| 100 |
_aPengchuye peng _9627622 |
||
| 245 | 0 | _aCheenaththu neethi prathaigal | |
| 260 | _c1957 | ||
| 300 |
_a105p. _ccm. |
||
| 650 | _a ETHICS | ||
| 650 | _a PHILOSOPHY | ||
| 650 | _aCHINESE FICTION | ||
| 942 |
_hO41,3(R4)x, 31J7 _cTEXL _2cc |
||
| 999 |
_c1035002 _d1035002 |
||